| 000 | 00952nam a2200265 c 4500 | ||
|---|---|---|---|
| 999 |
_c403635 _d403635 |
||
| 003 | BLK | ||
| 005 | 20210402091003.0 | ||
| 008 | 180411b bul|||||r ||||||| ||bul|| | ||
| 040 | _aBLK | ||
| 041 |
_aBUL _cBUL |
||
| 080 |
_aКомунистически партии. Вж и 327.323 _b329.15 _z329.15 |
||
| 100 |
_aАнастасов, Димитър Иванов _eпърви автор _9445227 |
||
| 139 | _aАнастасов, Димитър Иванов | ||
| 245 | 1 | 0 |
_aМисли върху социализма _bРезюме на няколко сказки, държани в Женева и в Старозагорски раб. клуб _cД. Майкин |
| 257 | _aBGR | ||
| 260 |
_bСветлина _c1898 _9211897 _aСт. Загора _n978-954-8850- |
||
| 300 |
_a89 с. _c21 см |
||
| 380 | _a3 | ||
| 490 |
_9207387 _aРаботническа библиотека _v2 |
||
| 490 |
_9435080 _aКолекция Редки и ценни издания |
||
| 500 | _aД. Майкин - псевд. на Димитър Иванов Анастасов. | ||
| 650 | 0 |
_9243410 _aСоциализъм - теория |
|
| 852 | _aЦб Рб 898 | ||
| 856 | 4 | _qpdf | |
| 856 | 4 | _qpdf | |
| 942 |
_cKNG _n0 _s1 |
||
| 944 |
_aCR _c2021-03-29 _kНР |
||
| 999 | _d403635 | ||